Krátka charakteristika stavu vnútropodnikovej komunikácie na Slovensku a metódy jej zisťovania
Metódy zisťovania úrovne vnútropodnikovej komunikácie. Medzi najčastejšie patri - metóda komunikačného auditu. Najčastejšie u nás využívane metódy na posúdenie úrovne vnútropodnikovej komunikácie - zadávanie a vyhodnocovanie dotazníkov, riadený rozhovor, pozorovanie, analýza písaných dokumentov. Krá...
Na minha lista:
| Autor principal: | |
|---|---|
| Outros Autores: | |
| Formato: | Capítulo de Livro |
| Idioma: | eslovaco |
| Assuntos: | |
| Tags: |
Sem tags, seja o primeiro a adicionar uma tag!
|
MARC
| LEADER | 00000naa$a2200000$$$4500 | ||
|---|---|---|---|
| 001 | 0027756 | ||
| 005 | 20240502071429.2 | ||
| 041 | 0 | |a slo | |
| 044 | |a SK | ||
| 245 | 1 | 0 | |a Krátka charakteristika stavu vnútropodnikovej komunikácie na Slovensku a metódy jej zisťovania |c Martina Marhefková, Benita Juriková |
| 520 | |a Metódy zisťovania úrovne vnútropodnikovej komunikácie. Medzi najčastejšie patri - metóda komunikačného auditu. Najčastejšie u nás využívane metódy na posúdenie úrovne vnútropodnikovej komunikácie - zadávanie a vyhodnocovanie dotazníkov, riadený rozhovor, pozorovanie, analýza písaných dokumentov. Krátka charakteristika stavu vnútropodnikovej komunikácie na Slovensku - výsledky výskumu. Využívanie komunikačných nástrojov. | ||
| 610 | 2 | 0 | |a komunikácia manažérska |
| 610 | 2 | 0 | |a komunikácia interpersonálna |
| 610 | 2 | 0 | |a informácie vnútropodnikové |
| 610 | 2 | 0 | |a podnik |
| 100 | 1 | |a Marhefková, Martina | |
| 700 | 1 | |a Juriková, Benita, 1973- | |